| 000 | 01017nas a2200301 4500 | ||
|---|---|---|---|
| 001 | BR2011003178 | ||
| 003 | BR-BrBNA | ||
| 005 | 20231205115339.0 | ||
| 007 | ta | ||
| 008 | 230509b bl.|||p| |||| 00| 00por d | ||
| 040 |
_aBR-BrBNA _bpor _cBiblioteca Nacional de Agricultura |
||
| 041 | _a(Pt) | ||
| 072 | _aL74 | ||
| 100 | 1 | _aFreitas, S.H. de | |
| 100 | 1 | _aDória, R.G.S. | |
| 100 | 1 | _aMendonça, F. de S. | |
| 100 | 1 | _aPires, M.A.M. | |
| 100 | 1 | _aSantos, M.D. dos | |
| 100 | 1 | _aCamargo, L.M. de | |
| 245 | 1 | _aHemivértebras torácicas em canino com síndrome neurológica medular - relato de caso | |
| 246 | 1 | _aThoracic hemivertebras in an english bulldog with spinal neurologic syndrome - case report | |
| 650 | _aCÃO | ||
| 650 | _aCOLUNA VERTEBRAL | ||
| 650 | _aDISTÚRBIO FISIOLÓGICO | ||
| 773 | 0 |
_tRevista Brasileira de Medicina Veterinária (Brazil) _xISSN 0100-2430 _g(Oct-Dec 2007), v. 29(4) p. 171-173 _wBR2011003178 |
|
| 909 |
_a202311 _bLúcia _c55 _dLúcia Elande |
||
| 942 |
_2AGRIS _n0 _cANA |
||
| 999 |
_c213334 _d213334 |
||